The mouse and the her daughter

Bibliographic Details
Main Author: Haisson
Format: Book
Published: Kuala Lumpur : Pekan Ilmu , 2005
Series:Moral stories for children
Subjects:

MARC

LEADER 00000cam a2200000 7i4500
001 0000003289
005 20220105103944.0
008 070718
020 |a 9832567629 
090 0 0 |a JP   |b MOR ENG (4047) 
100 0 |a Haisson 
245 1 4 |a The mouse and the her daughter   |c Haisson 
260 |a Kuala Lumpur :   |b Pekan Ilmu ,   |c 2005 
440 |a Moral stories for children 
500 |a Children age 4-6 years old (yellow) 
650 0 |a Junior preschool   |x English   |x Languages 
650 0 |a Moral 
999 |a 0000960107   |b Book   |c Children Collection   |e Perbadanan Perpustakaan Awam Johor 
999 |a 0000960108   |b Book   |c Children Collection   |e Perbadanan Perpustakaan Awam Johor 
999 |a 0000960109   |b Book   |c Children Collection   |e Cawangan Tmn. Ungku Tun Aminah 
999 |a 0000960110   |b Book   |c Children Collection   |e Perbadanan Perpustakaan Awam Johor 
999 |a 0000960111   |b Book   |c Children Collection   |e Perbadanan Perpustakaan Awam Johor 
999 |a 0000979421   |b Book   |c Children Collection   |e Cawangan Bukit Gambir 
999 |a 0000979425   |b Book   |c Children Collection   |e Cawangan Pontian 
999 |a 0001054147   |b Book   |c Children Collection   |e Cawangan Segamat 
999 |a 0001054148   |b Book   |c Children Collection   |e Cawangan Bukit Gambir 
999 |a 0001054149   |b Book   |c Children Collection   |e Cawangan Tangkak